[Event "2nd GMA World Cup prel  #1"]
[Site "Belgrade YUG"]
[Date "1988.??.??"]
[Round "?"]
[White "Dizdarevic, Emir"]
[Black "Acimovic, Svetozar"]
[Result "1/2-1/2"]
[WhiteElo "2495"]
[BlackElo "2370"]
[EventDate "1988.12.??"]
[PlyCount "122"]

1.Nf3 Nf6 2.c4 e6 3.g3 d5 4.d4 dxc4 5.Bg2 c5 6.O-O Nc6 7.Na3 cxd4 8.Nxc4 
Bc5 9.Qb3 O-O 10.Rd1 Qe7 11.Bf4 Nd5 12.Be5 Nxe5 13.Nfxe5 a6 14.Rac1 Ba7 
15.Nf3 Nf6 16.Nb6 Bxb6 17.Qxb6 e5 18.Rc7 Nd7 19.Qb3 Qd6 20.Qc2 Nf6 21.Qc5 
Qxc5 22.Rxc5 Nd7 23.Rc7 f6 24.Nd2 Nb6 25.Rdc1 Rb8 26.Nc4 Nxc4 27.Bd5+ Kh8 
28.R1xc4 b5 29.R4c5 Bf5 30.Bb7 Be6 31.b3 Rf7 32.Rxf7 Bxf7 33.Bxa6 b4 34.f4
exf4 35.gxf4 h6 36.Bd3 g5 37.Rc7 Kg8 38.Rd7 Ra8 39.Rxd4 Rxa2 40.fxg5 hxg5 
41.Rxb4 Rb2 42.Rb8+ Kg7 43.Rb7 Kf8 44.b4 f5 45.Rb5 f4 46.Rxg5 Rxb4 47.Kf2 
Rd4 48.Bf5 Ke7 49.Bg4 Rd5 50.Rg7 Kf6 51.Rh7 Rd8 52.Bf3 Be6 53.Rh6+ Ke5 54.
Rh5+ Kf6 55.h3 Rg8 56.Rh4 Kg5 57.Rh7 Kf6 58.Be4 Rg3 59.Bg2 Bf7 60.h4 Rg7 
61.Rh6+ Rg6 1/2-1/2

[Event "2nd GMA World Cup prel  #1"]
[Site "Belgrade YUG"]
[Date "1988.??.??"]
[Round "?"]
[White "Dizdarevic, Emir"]
[Black "Vanheste, Jeroen"]
[Result "1/2-1/2"]
[WhiteElo "2495"]
[BlackElo "2390"]
[EventDate "1988.12.??"]
[PlyCount "97"]

1.Nf3 Nf6 2.c4 g6 3.g3 Bg7 4.Bg2 c6 5.O-O O-O 6.d4 d5 7.cxd5 cxd5 8.Ne5 e6
9.Nc3 Nfd7 10.f4 Nc6 11.b3 Nb6 12.Ba3 Re8 13.Rc1 f6 14.Nxc6 bxc6 15.e4 
dxe4 16.Nxe4 f5 17.Nd6 Bf8 18.Nxc8 Bxa3 19.Nxb6 axb6 20.Rc2 Ra7 21.Bxc6 
Rf8 22.Re1 Qd6 23.Bb5 Rd8 24.Bc4 Qxd4+ 25.Qxd4 Rxd4 26.Rxe6 Kg7 27.Kf1 Bc5
28.Bb5 Ra8 29.a4 Rad8 30.Ree2 h6 31.h4 Rd1+ 32.Kg2 g5 33.a5 Rg1+ 34.Kh2 
Rdd1 35.Bc6 gxh4 36.gxh4 Rg4 37.Rg2 Bg1+ 38.Rxg1 Rdxg1 39.a6 Ra1 40.Ba4 
Rxf4 41.a7 Rfxa4 42.bxa4 Rxa4 43.Rc7+ Kg6 44.Kg3 Kh5 45.Rf7 f4+ 46.Rxf4 
Rxa7 47.Rf5+ Kg6 48.Rb5 Ra6 49.Kf3 1/2-1/2

[Event "2nd GMA World Cup prel  #1"]
[Site "Belgrade YUG"]
[Date "1988.??.??"]
[Round "?"]
[White "Doric, Dusan"]
[Black "Baquero, Luis"]
[Result "1-0"]
[WhiteElo "2360"]
[BlackElo "2345"]
[EventDate "1988.12.??"]
[PlyCount "87"]

1.d4 Nf6 2.Nf3 g6 3.e3 Bg7 4.Bd3 O-O 5.b3 d6 6.Bb2 b6 7.O-O c5 8.Nbd2 Nbd7
9.h3 Bb7 10.c4 e6 11.Re1 Qe7 12.Bf1 Rfd8 13.Qe2 e5 14.d5 e4 15.Nh2 Ne5 16.
Qd1 Bc8 17.Qc2 Bf5 18.g4 Bd7 19.Nxe4 Nxe4 20.Qxe4 f5 21.Qg2 fxg4 22.Nxg4 
Nf3+ 23.Qxf3 Bxb2 24.Rab1 Bc3 25.Re2 h5 26.Nh2 Rf8 27.Qg3 Qf6 28.h4 Bf5 
29.Rd1 Rae8 30.f4 Re7 31.Bh3 Re4 32.Bxf5 Qxf5 33.Kg2 Rfe8 34.Rf1 Bd4 35.
Rf3 Kf7 36.Nf1 Bc3 37.Qg5 Bf6 38.Qxf5 gxf5 39.Ng3 R4e7 40.Nxf5 Rd7 41.e4 
Bd8 42.Rg3 Kf8 43.Kf3 a6 44.Reg2 1-0

[Event "2nd GMA World Cup prel  #1"]
[Site "Belgrade YUG"]
[Date "1988.??.??"]
[Round "?"]
[White "Doric, Dusan"]
[Black "Gunawan, Ronny"]
[Result "1/2-1/2"]
[WhiteElo "2360"]
[BlackElo "2440"]
[EventDate "1988.12.??"]
[PlyCount "103"]

1.e4 e6 2.d4 d5 3.Nc3 Bb4 4.exd5 exd5 5.Bd3 Nc6 6.Ne2 Bg4 7.f3 Bh5 8.Be3 
Nge7 9.h4 Qd7 10.g4 Bg6 11.h5 Bxd3 12.Qxd3 O-O-O 13.O-O-O Rde8 14.a3 Bxc3 
15.Qxc3 Kb8 16.Rhe1 Nc8 17.Nf4 Re7 18.Bd2 Rhe8 19.Rxe7 Rxe7 20.b3 Qd6 21.
Kb2 Nb6 22.Qd3 g6 23.h6 Qf6 24.Ne2 a5 25.g5 Qd6 26.Re1 f6 27.Bf4 Qe6 28.
Bd2 fxg5 29.Nf4 Qf5 30.Qxf5 gxf5 31.Ne6 g4 32.Ng5 gxf3 33.Rxe7 Nxe7 34.
Nxf3 Nd7 35.Nh4 Nf6 36.Bxa5 Kc8 37.Bb4 Nfg8 38.Bd2 Kd7 39.Bg5 Ke6 40.a4 
Nf6 41.b4 c6 42.Kb3 Nc8 43.Bf4 Nh5 44.Bc7 f4 45.Kc3 Kd7 46.Bb8 Nb6 47.a5 
Nc4 48.Kd3 Ke6 49.Bc7 Kd7 50.Bb8 Ke6 51.Bc7 Kd7 52.Bb8 1/2-1/2

[Event "2nd GMA World Cup prel  #1"]
[Site "Belgrade YUG"]
[Date "1988.??.??"]
[Round "?"]
[White "Doric, Dusan"]
[Black "Huzman, Alexander"]
[Result "1/2-1/2"]
[WhiteElo "2360"]
[BlackElo "2465"]
[EventDate "1988.12.??"]
[PlyCount "65"]

1.d4 Nf6 2.Nf3 g6 3.e3 Bg7 4.Bd3 O-O 5.O-O d6 6.b3 e5 7.Nbd2 Re8 8.dxe5 
Ng4 9.Bb2 Nd7 10.Nc4 d5 11.Ncd2 Ngxe5 12.Nxe5 Nxe5 13.Rb1 c6 14.Nf3 Bg4 
15.Bxe5 Bxe5 16.h3 Bxf3 17.Qxf3 Qa5 18.a4 Bc3 19.g3 Re6 20.Kg2 Rae8 21.h4 
Rf6 22.Qg4 h5 23.Qd7 Rb8 24.f4 Qd8 25.Qxd8+ Rxd8 26.e4 dxe4 27.Bxe4 Re6 
28.Bd3 Kg7 29.f5 Re3 30.fxg6 fxg6 31.Rf3 Rxf3 32.Kxf3 Rf8+ 33.Kg2 1/2-1/2

[Event "2nd GMA World Cup prel  #1"]
[Site "Belgrade YUG"]
[Date "1988.??.??"]
[Round "?"]
[White "Doric, Dusan"]
[Black "Maksimovic, Branimir"]
[Result "1-0"]
[WhiteElo "2360"]
[BlackElo "2435"]
[EventDate "1988.12.??"]
[PlyCount "71"]

1.e4 e6 2.d4 d5 3.Nc3 Bb4 4.exd5 exd5 5.Bd3 Nc6 6.Ne2 Nge7 7.a3 Bxc3+ 8.
bxc3 Bf5 9.c4 O-O 10.O-O Bxd3 11.Qxd3 dxc4 12.Qxc4 Nd5 13.Qd3 Nb6 14.Bf4 
Na5 15.a4 Rc8 16.Ng3 Qd7 17.Nf5 c5 18.Bh6 g6 19.Bxf8 Kxf8 20.dxc5 Rxc5 21.
Qxd7 Nxd7 22.Ne3 f5 23.Rfd1 Nb6 24.g3 Ke7 25.h4 Nc6 26.Kg2 Ke6 27.Ra3 Ne5 
28.Rd8 Nbd7 29.Rh8 b6 30.Ra1 Nf6 31.Re1 Kf7 32.Ra8 Ra5 33.Rc8 Rxa4 34.Nxf5
gxf5 35.Rxe5 f4 36.Rc7+ 1-0

[Event "2nd GMA World Cup prel  #1"]
[Site "Belgrade YUG"]
[Date "1988.??.??"]
[Round "?"]
[White "Doric, Dusan"]
[Black "Vujovic, Predrag"]
[Result "1/2-1/2"]
[WhiteElo "2360"]
[BlackElo "2300"]
[EventDate "1988.12.??"]
[PlyCount "120"]

1.d4 c6 2.e4 d5 3.Nc3 dxe4 4.Nxe4 Bf5 5.Ng3 Bg6 6.Nf3 Nd7 7.h4 h6 8.h5 Bh7
9.Bd3 Bxd3 10.Qxd3 Qc7 11.Bd2 Ngf6 12.O-O-O e6 13.Kb1 Bd6 14.Ne4 Nxe4 15.
Qxe4 Nf6 16.Qe2 O-O-O 17.c4 Rhe8 18.Ne5 c5 19.Bc3 cxd4 20.Bxd4 Bxe5 21.
Bxe5 Qc6 22.f4 Rxd1+ 23.Rxd1 Rd8 24.Rxd8+ Kxd8 25.b3 Ne8 26.Kb2 a6 27.g4 
f6 28.Bc3 Ke7 29.g5 hxg5 30.fxg5 fxg5 31.Qd2 Kf7 32.Qxg5 Qe4 33.Qd8 Qg2+ 
34.Ka3 Qc6 35.Bb4 Qc7 36.Qg5 Nf6 37.Bc3 Qe7+ 38.b4 Ne8 39.Qg6+ Kf8 40.h6 
gxh6 41.Bd4 Nd6 42.Qxh6+ Ke8 43.Kb3 Nf5 44.Qh8+ Qf8 45.Qxf8+ Kxf8 46.Bc5+ 
Ke8 47.b5 axb5 48.cxb5 Kd7 49.Kb4 Kc7 50.Ka5 e5 51.Bb6+ Kb8 52.Kb4 e4 53.
a4 Kc8 54.Kc4 Kd7 55.Kd5 e3 56.Ke4 e2 57.Bf2 Ke6 58.Kd3 Kd5 59.a5 Nd4 60.
a6 bxa6 1/2-1/2

[Event "2nd GMA World Cup prel  #1"]
[Site "Belgrade YUG"]
[Date "1988.??.??"]
[Round "?"]
[White "Dukanovic, Marko"]
[Black "Bakic, Rados"]
[Result "0-1"]
[WhiteElo "2260"]
[BlackElo "2360"]
[EventDate "1988.12.??"]
[PlyCount "72"]

1.Nf3 Nf6 2.g3 g6 3.b3 Bg7 4.Bb2 O-O 5.Bg2 c5 6.c4 Nc6 7.O-O d5 8.cxd5 
Nxd5 9.Bxg7 Kxg7 10.d4 cxd4 11.Nxd4 Ndb4 12.Nxc6 Nxc6 13.Nc3 Be6 14.Na4 
Qa5 15.Bxc6 Rfd8 16.Qc1 bxc6 17.Qxc6 Rac8 18.Qe4 Bf5 19.Qe3 Rc2 20.Rfc1 
Rdc8 21.Rxc2 Rxc2 22.g4 Be6 23.f3 h5 24.gxh5 Qxh5 25.Nc3 Bh3 26.Rd1 e5 27.
Ne4 Qf5 28.Ng3 Qe6 29.a4 a5 30.Qd3 Rb2 31.Rb1 Qb6+ 32.Kh1 Qf2 33.Rg1 Qd4 
34.Qxd4 exd4 35.Rd1 Rxb3 36.Rxd4 Rb1+ 0-1

[Event "2nd GMA World Cup prel  #1"]
[Site "Belgrade YUG"]
[Date "1988.??.??"]
[Round "?"]
[White "Dukanovic, Marko"]
[Black "Blagojevic, Dragisa"]
[Result "1/2-1/2"]
[WhiteElo "2260"]
[BlackElo "2445"]
[EventDate "1988.12.??"]
[PlyCount "103"]

1.Nf3 f5 2.d4 Nf6 3.c4 g6 4.Nc3 Bg7 5.g3 O-O 6.Bg2 d6 7.O-O Qe8 8.d5 Na6 
9.Be3 c5 10.Qc1 Nc7 11.Bh6 b5 12.Bxg7 Kxg7 13.cxb5 Rb8 14.a4 Ncxd5 15.Nxd5
Nxd5 16.Nd4 Nb4 17.Nc6 Nxc6 18.Bxc6 Qf7 19.b4 cxb4 20.Qb2+ Qf6 21.Qxb4 f4 
22.Qxf4 Qxf4 23.gxf4 Rxf4 24.f3 Kf7 25.a5 Bb7 26.Bxb7 Rxb7 27.Rfb1 Ke6 28.
b6 Rf8 29.bxa7 Rxa7 30.Kf2 Rfa8 31.Rb5 Kd7 32.h4 Kc6 33.Rg5 Rf8 34.e4 e5 
35.h5 gxh5 36.Rxh5 Rff7 37.Rhh1 Rfb7 38.Rac1+ Kb5 39.Rcd1 Kc6 40.Rc1+ Kb5 
41.Rhd1 Kxa5 42.Rd5+ Kb4 43.Rb1+ Kc4 44.Rxb7 Rxb7 45.Rxd6 Re7 46.Rd5 h5 
47.Rd8 Rh7 48.Rd5 Re7 49.Ke3 h4 50.Rd1 Ra7 51.Rc1+ Kb4 52.Rc8 1/2-1/2

[Event "2nd GMA World Cup prel  #1"]
[Site "Belgrade YUG"]
[Date "1988.??.??"]
[Round "?"]
[White "Dukanovic, Marko"]
[Black "Ilic, Zoran"]
[Result "0-1"]
[WhiteElo "2260"]
[BlackElo "2360"]
[EventDate "1988.12.??"]
[PlyCount "72"]

1.Nf3 c5 2.c4 Nf6 3.g3 b6 4.Bg2 Bb7 5.Nc3 e6 6.O-O a6 7.b3 Be7 8.Bb2 O-O 
9.d4 cxd4 10.Nxd4 Bxg2 11.Kxg2 d6 12.Rc1 Qc7 13.e4 Qb7 14.Qe2 Nbd7 15.f3 
Rfe8 16.Rfd1 Bf8 17.Qf2 Rad8 18.Nc2 Ne5 19.Ne3 b5 20.cxb5 axb5 21.Qe2 Rb8 
22.b4 Ng6 23.Qf2 d5 24.exd5 Bxb4 25.dxe6 Rxe6 26.Ncd5 Nxd5 27.Nxd5 Bd6 28.
Nc3 Be5 29.Ne4 Bxb2 30.Qxb2 Rbe8 31.Qd4 Ne5 32.Qd5 Qa7 33.Qxb5 Nxf3 34.
Kxf3 Rxe4 35.Rd2 Qe3+ 36.Kg2 Qxd2+ 0-1

[Event "2nd GMA World Cup prel  #1"]
[Site "Belgrade YUG"]
[Date "1988.??.??"]
[Round "?"]
[White "Dukanovic, Marko"]
[Black "Nenadovic, Ljubisa"]
[Result "1/2-1/2"]
[WhiteElo "2260"]
[BlackElo "2245"]
[EventDate "1988.12.??"]
[PlyCount "85"]

1.Nf3 c5 2.c4 Nf6 3.g3 d5 4.cxd5 Nxd5 5.Bg2 Nc6 6.O-O e5 7.Nc3 Nc7 8.d3 
Be7 9.Be3 Bd7 10.Rc1 Rb8 11.Nd2 O-O 12.f4 exf4 13.Bxf4 Bg5 14.Bd6 Be3+ 15.
Kh1 Re8 16.Bxc7 Qxc7 17.Nd5 Qd8 18.Nxe3 Rxe3 19.Rxc5 Qe7 20.Ne4 Rxe4 21.
dxe4 Be6 22.Rc3 Qb4 23.Qb1 h5 24.a3 Qb6 25.b4 Ne5 26.Rc5 f6 27.Qc1 Re8 28.
h3 Qa6 29.b5 Qa4 30.Qc3 Bc4 31.Rc1 Bxb5 32.Rc8 Kh7 33.Rxe8 Bxe8 34.Qc8 
Qxa3 35.Rd1 Bg6 36.Qxb7 Qe3 37.Ra1 Qxe2 38.Rxa7 Qe1+ 39.Kh2 Nf7 40.Qe7 h4 
41.gxh4 Qxh4 42.Qc7 Qf2 43.Kh1 1/2-1/2

[Event "2nd GMA World Cup prel  #1"]
[Site "Belgrade YUG"]
[Date "1988.??.??"]
[Round "?"]
[White "Durovic, Dejan"]
[Black "Antic, Dejan"]
[Result "1-0"]
[WhiteElo "2235"]
[BlackElo "2325"]
[EventDate "1988.12.??"]
[PlyCount "87"]

1.e4 c5 2.Nf3 e6 3.d3 Nc6 4.g3 d5 5.Nbd2 Nf6 6.Bg2 Be7 7.O-O O-O 8.e5 Nd7 
9.Re1 b6 10.h4 Qc7 11.Qe2 Bb7 12.c3 Rac8 13.Nf1 b5 14.N1h2 b4 15.Bf4 bxc3 
16.bxc3 Qa5 17.Rac1 d4 18.c4 Nb4 19.Ng5 Bxg2 20.Kxg2 Qa3 21.Rcd1 Qxa2 22.
Qh5 Bxg5 23.hxg5 Nxd3 24.Rxd3 Qxc4 25.Rd2 Qd5+ 26.f3 f6 27.g6 hxg6 28.Qxg6
Nxe5 29.Bxe5 fxe5 30.Rde2 Rf6 31.Qb1 d3 32.Rxe5 Qd6 33.Ng4 Rf5 34.Rxe6 Qd5
35.R1e4 Rff8 36.R6e5 Qd7 37.Qa2+ c4 38.Rxc4 Qf7 39.Nf6+ gxf6 40.Rg4+ Kh8 
41.Qa1 Rc2+ 42.Kh3 Rc4 43.f4 Rc1 44.Rh4+ 1-0

[Event "2nd GMA World Cup prel  #1"]
[Site "Belgrade YUG"]
[Date "1988.??.??"]
[Round "?"]
[White "Durovic, Dejan"]
[Black "Despotovic, Momcilo"]
[Result "0-1"]
[WhiteElo "2235"]
[BlackElo "2355"]
[EventDate "1988.12.??"]
[PlyCount "84"]

1.d4 Nf6 2.c4 c5 3.d5 b5 4.cxb5 a6 5.e3 g6 6.Nc3 Bg7 7.Nf3 O-O 8.a4 Bb7 9.
Ra3 e6 10.dxe6 fxe6 11.Qd6 Qc8 12.Bd3 axb5 13.Nxb5 c4 14.Bb1 Be4 15.Bxe4 
Nxe4 16.Qc7 Na6 17.Qxc8 Rfxc8 18.Nd2 Nxd2 19.Kxd2 Nc5 20.Nc3 Rcb8 21.Kc2 
Bf8 22.Ra1 Rb3 23.f3 Nd3 24.Rd1 Nb4+ 25.Kd2 d5 26.Ra3 Rxa3 27.bxa3 Nd3 28.
Kc2 Bg7 29.Bd2 Nc5 30.Rb1 Nb3 31.Nb5 Rxa4 32.Rxb3 cxb3+ 33.Kxb3 Ra6 34.a4 
Be5 35.f4 Bb8 36.a5 g5 37.Ka4 gxf4 38.exf4 e5 39.fxe5 Bxe5 40.g3 Kg7 41.
Kb4 Rc6 42.Na7 Rh6 0-1

[Event "2nd GMA World Cup prel  #1"]
[Site "Belgrade YUG"]
[Date "1988.??.??"]
[Round "?"]
[White "Durovic, Dejan"]
[Black "Indic, Dusan"]
[Result "0-1"]
[WhiteElo "2235"]
[BlackElo "2370"]
[EventDate "1988.12.??"]
[PlyCount "50"]

1.d4 Nf6 2.c4 c5 3.d5 g6 4.Nc3 Bg7 5.e4 d6 6.Nf3 O-O 7.h3 a6 8.a4 e6 9.Bd3
exd5 10.cxd5 Nbd7 11.O-O Nh5 12.g4 Nhf6 13.Bg5 Qb6 14.a5 Qc7 15.Nh4 c4 16.
Bc2 h5 17.gxh5 Nxh5 18.f4 Ndf6 19.f5 Nh7 20.fxg6 Qc5+ 21.Kg2 Bxh3+ 22.Kxh3
Nxg5+ 23.Kg4 Nf6+ 24.Kxg5 Qe3+ 25.Kf5 Qh3+ 0-1

[Event "2nd GMA World Cup prel  #1"]
[Site "Belgrade YUG"]
[Date "1988.??.??"]
[Round "?"]
[White "Dolmatov, Sergei"]
[Black "Karaklajic, Nikola"]
[Result "1-0"]
[WhiteElo "2550"]
[BlackElo "2385"]
[EventDate "1988.12.??"]
[PlyCount "105"]

1.e4 e5 2.Nf3 Nc6 3.Bb5 Nf6 4.O-O Nxe4 5.d4 Nd6 6.Bxc6 dxc6 7.dxe5 Nf5 8.
Qxd8+ Kxd8 9.Nbd2 Ke8 10.b3 a5 11.a4 Bb4 12.Bb2 Bxd2 13.Nxd2 Be6 14.Rfd1 
Rd8 15.h3 h5 16.Ne4 b6 17.Ng5 Ke7 18.g4 hxg4 19.hxg4 Nh6 20.f3 Rd5 21.c4 
Rxd1+ 22.Rxd1 Rb8 23.Kf2 b5 24.Nxe6 fxe6 25.Bc3 Nf7 26.cxb5 cxb5 27.Bxa5 
bxa4 28.bxa4 Ra8 29.Bb4+ Ke8 30.a5 Nxe5 31.Bc3 Nc4 32.Ra1 g6 33.Kg3 Ra6 
34.Kf4 Kf7 35.Kg5 c5 36.Re1 Rd6 37.Re4 Rd5+ 38.Kh6 Nd6 39.Rf4+ Ke7 40.a6 
Nb5 41.Bf6+ Kd6 42.Ra4 Na7 43.Kxg6 Kc6 44.f4 Kb5 45.Ra1 Rd7 46.g5 c4 47.
Kh6 Rd3 48.g6 Rh3+ 49.Kg7 c3 50.Rc1 Kxa6 51.Rxc3 Rh1 52.Kf7 Nb5 53.Rd3 1-0

[Event "2nd GMA World Cup prel  #1"]
[Site "Belgrade YUG"]
[Date "1988.??.??"]
[Round "?"]
[White "Dolmatov, Sergei"]
[Black "Matulovic, Milan"]
[Result "0-1"]
[WhiteElo "2550"]
[BlackElo "2425"]
[EventDate "1988.12.??"]
[PlyCount "94"]

1.e4 c5 2.Nf3 Nc6 3.d4 cxd4 4.Nxd4 Qc7 5.Nc3 e6 6.Be2 a6 7.O-O Nf6 8.Be3 
Bb4 9.Na4 Bd6 10.Nxc6 bxc6 11.Nb6 Rb8 12.Nxc8 Rxc8 13.Bxa6 Bxh2+ 14.Kh1 
Ra8 15.Be2 Bf4 16.Qd2 Bxe3 17.Qxe3 Qe5 18.f4 Qxe4 19.Qxe4 Nxe4 20.Rf3 Ke7 
21.Re3 f5 22.a4 Rhb8 23.b3 Rb4 24.Kg1 d5 25.Bd1 c5 26.c3 Rb7 27.Bc2 Kd6 
28.Rd1 Kc6 29.g4 g6 30.Kg2 h5 31.g5 Rab8 32.Ra1 Kd6 33.a5 e5 34.fxe5+ Kxe5
35.Ra4 Kf4 36.Rf3+ Kxg5 37.b4 d4 38.a6 Ra7 39.cxd4 Rxb4 40.Rxb4 cxb4 41.
Bd3 b3 42.Rf1 Nc3 43.Rc1 Nd5 44.Kf3 Nb4 45.Be2 Nxa6 46.Rb1 Nb4 47.Rxb3 Nc2
0-1

[Event "2nd GMA World Cup prel  #1"]
[Site "Belgrade YUG"]
[Date "1988.??.??"]
[Round "?"]
[White "Dolmatov, Sergei"]
[Black "Simic, Radoslav"]
[Result "1-0"]
[WhiteElo "2550"]
[BlackElo "2485"]
[EventDate "1988.12.??"]
[PlyCount "97"]

1.e4 c5 2.Nf3 Nc6 3.d4 cxd4 4.Nxd4 Nf6 5.Nc3 e5 6.Ndb5 d6 7.Bg5 a6 8.Na3 
b5 9.Bxf6 gxf6 10.Nd5 Bg7 11.Bd3 Ne7 12.Nxe7 Qxe7 13.c3 f5 14.Nc2 O-O 15.
O-O Rb8 16.exf5 e4 17.Re1 Bxf5 18.Ne3 Bg6 19.Nd5 Qe5 20.Bc2 f5 21.f4 Qe8 
22.Nc7 Qc6 23.Ne6 Rfe8 24.Bb3 Kh8 25.Nxg7 Qc5+ 26.Kf1 Kxg7 27.h4 Rb7 28.
Qd5 Qxd5 29.Bxd5 Rb6 30.Kf2 Bf7 31.Rad1 h5 32.Re3 Bg6 33.a3 a5 34.Rg3 Kf6 
35.Ke3 Re7 36.Bb3 Rc7 37.Rg5 Ra6 38.Rd4 Rb6 39.Bd1 b4 40.cxb4 axb4 41.a4 
Bf7 42.a5 Rb5 43.Rxd6+ Ke7 44.Rd4 b3 45.a6 Kf6 46.Bxh5 Bxh5 47.Rxh5 Rc3+ 
48.bxc3 b2 49.Rd6+ 1-0

[Event "2nd GMA World Cup prel  #1"]
[Site "Belgrade YUG"]
[Date "1988.??.??"]
[Round "?"]
[White "Dorfman, Iosif"]
[Black "Dokhoian, Yury"]
[Result "1/2-1/2"]
[WhiteElo "2540"]
[BlackElo "2520"]
[EventDate "1988.12.??"]
[PlyCount "27"]

1.c4 Nf6 2.Nc3 c5 3.g3 e6 4.Nf3 b6 5.Bg2 Bb7 6.O-O Be7 7.b3 d6 8.d4 cxd4 
9.Qxd4 O-O 10.Rd1 Qc8 11.Bb2 Rd8 12.Rac1 Nbd7 13.h3 a6 14.Qe3 1/2-1/2

[Event "2nd GMA World Cup prel  #1"]
[Site "Belgrade YUG"]
[Date "1988.??.??"]
[Round "?"]
[White "Dorfman, Iosif"]
[Black "Mohr, Georg"]
[Result "1-0"]
[WhiteElo "2540"]
[BlackElo "2460"]
[EventDate "1988.12.??"]
[PlyCount "85"]

1.e4 c5 2.Nf3 d6 3.d4 cxd4 4.Nxd4 Nf6 5.Nc3 g6 6.g3 Nc6 7.Nde2 Bg7 8.Bg2 
Bd7 9.h3 Qc8 10.Bg5 O-O 11.Rb1 Re8 12.Kf1 a5 13.Bxf6 exf6 14.Kg1 a4 15.Kh2
f5 16.Nb5 Rd8 17.Nec3 Ra5 18.Nxd6 Qb8 19.Nc4 Be6 20.Nd5 Rc5 21.Nce3 fxe4 
22.c4 b5 23.Bxe4 f5 24.Bg2 f4 25.b4 axb3 26.Qxb3 fxe3 27.Qxe3 Nd4 28.Rhd1 
Bxd5 29.Bxd5+ Rcxd5 30.cxd5 Rxd5 31.Qe4 Rd8 32.Rd3 Kh8 33.a3 Re8 34.Qd5 
Qa7 35.Rb4 Nc2 36.Rf4 Nxa3 37.Re3 Rg8 38.Rf7 Qa8 39.Qd7 Rd8 40.Rxa3 Qb8 
41.Rxg7 Rxd7 42.Rxd7 b4 43.Raa7 1-0

[Event "2nd GMA World Cup prel  #1"]
[Site "Belgrade YUG"]
[Date "1988.??.??"]
[Round "?"]
[White "Dorfman, Iosif"]
[Black "Ubilava, Elizbar"]
[Result "1/2-1/2"]
[WhiteElo "2540"]
[BlackElo "2500"]
[EventDate "1988.12.??"]
[PlyCount "61"]

1.d4 d5 2.c4 e6 3.Nc3 Be7 4.Bf4 Nf6 5.e3 O-O 6.Nf3 c5 7.dxc5 Bxc5 8.cxd5 
Nxd5 9.Nxd5 exd5 10.a3 Nc6 11.Bd3 g6 12.O-O Bg4 13.h3 Bxf3 14.Qxf3 Bd6 15.
Rfd1 Bxf4 16.Qxf4 Qb6 17.b4 Rac8 18.Be2 Ne7 19.Rac1 Rfd8 20.Bf3 Rxc1 21.
Rxc1 Rd6 22.Qe5 Qd8 23.b5 b6 24.a4 h5 25.g3 Qd7 26.h4 Nf5 27.Rc6 Rxc6 28.
bxc6 Qxc6 29.Bxd5 Qxa4 30.e4 Nh6 31.Qf4 1/2-1/2

[Event "2nd GMA World Cup prel  #1"]
[Site "Belgrade YUG"]
[Date "1988.??.??"]
[Round "?"]
[White "Drasko, Milan"]
[Black "Ilincic, Zlatko"]
[Result "1-0"]
[WhiteElo "2510"]
[BlackElo "2445"]
[EventDate "1988.12.??"]
[PlyCount "79"]

1.d4 Nf6 2.c4 e6 3.Nf3 b6 4.g3 Bb7 5.Bg2 Be7 6.Nc3 O-O 7.Qc2 d5 8.cxd5 
Nxd5 9.Nxd5 Bxd5 10.O-O Nc6 11.e4 Nb4 12.Qb1 Bb7 13.a3 Nc6 14.Be3 Na5 15.
Qc2 c5 16.dxc5 bxc5 17.Rad1 Qe8 18.Rfe1 Qb5 19.Bf1 Qc6 20.Ne5 Qc7 21.Nd7 
Rfc8 22.Bf4 Qc6 23.Ne5 Qe8 24.Qc3 Qa4 25.b3 Nxb3 26.Rd7 Bf6 27.Rxb7 Nd4 
28.Kg2 Nc2 29.Re2 Nd4 30.Rd2 g5 31.Ng4 Bg7 32.Be5 Qc6 33.Bxg7 Qxb7 34.Be5 
Qxe4+ 35.f3 Qg6 36.Nf6+ Kf8 37.Bd3 Nf5 38.Be4 Rab8 39.Bxb8 Rxb8 40.Nd7+ 
1-0

[Event "2nd GMA World Cup prel  #1"]
[Site "Belgrade YUG"]
[Date "1988.??.??"]
[Round "?"]
[White "Drasko, Milan"]
[Black "Ye Rongguang"]
[Result "1/2-1/2"]
[WhiteElo "2510"]
[BlackElo "2375"]
[EventDate "1988.12.??"]
[PlyCount "26"]

1.c4 c5 2.Nf3 Nf6 3.g3 Nc6 4.Bg2 g6 5.O-O Bg7 6.d4 cxd4 7.Nxd4 O-O 8.Nc3 
Nxd4 9.Qxd4 d6 10.Qd3 Rb8 11.Bd2 a6 12.Rac1 Bd7 13.c5 Bf5 1/2-1/2

[Event "2nd GMA World Cup prel  #1"]
[Site "Belgrade YUG"]
[Date "1988.??.??"]
[Round "?"]
[White "Eingorn, Viacheslav"]
[Black "Mokry, Karel"]
[Result "1-0"]
[WhiteElo "2560"]
[BlackElo "2495"]
[EventDate "1988.12.??"]
[PlyCount "121"]

1.Nf3 d6 2.c4 e5 3.d4 e4 4.Ng1 f5 5.Nc3 Nf6 6.Bg5 Nbd7 7.Nh3 Be7 8.Nf4 Nf8
9.e3 Ne6 10.Qa4+ Kf7 11.Nxe6 Bxe6 12.c5 d5 13.Be2 c6 14.b4 a6 15.Qb3 Nd7 
16.Bxe7 Qxe7 17.a4 g5 18.O-O Kg7 19.f3 exf3 20.Rxf3 Nf6 21.Bd3 Ne4 22.Qb2 
Rhf8 23.Raf1 Bd7 24.Bxe4 fxe4 25.Rxf8 Rxf8 26.Rxf8 Qxf8 27.Qe2 Kg6 28.Qe1 
Qb8 29.h3 h5 30.h4 gxh4 31.Qxh4 Bg4 32.Kf2 Qc7 33.Ke1 Qb8 34.Kf2 Qc7 35.
Kg1 Qb8 36.b5 axb5 37.axb5 Qa7 38.Qe1 Qa3 39.b6 Qb2 40.Kf1 Qc2 41.Nb1 Be2+
42.Kg1 Kg5 43.Kh2 Bg4 44.Nd2 Qd3 45.Qf2 Kg6 46.Nf1 Qe2 47.Qf8 Be6 48.Ng3 
Qg4 49.Qe7 Bc8 50.Qd8 Kg7 51.Ne2 h4 52.Qc7+ Kh6 53.Ng1 Qd7 54.Qf4+ Kh5 55.
Nh3 Qg7 56.Qc7 Qxc7+ 57.bxc7 Kg6 58.Nf4+ Kf6 59.Ne2 Ke7 60.Nf4 Bf5 61.Ng6+
1-0

[Event "2nd GMA World Cup prel  #1"]
[Site "Belgrade YUG"]
[Date "1988.??.??"]
[Round "?"]
[White "Eingorn, Viacheslav"]
[Black "Petrosian, Arshak"]
[Result "1/2-1/2"]
[WhiteElo "2560"]
[BlackElo "2460"]
[EventDate "1988.12.??"]
[PlyCount "35"]

1.d4 Nf6 2.c4 e6 3.Nf3 d5 4.Nc3 Be7 5.cxd5 exd5 6.Bg5 c6 7.Qc2 g6 8.e4 
dxe4 9.Bxf6 Bxf6 10.Qxe4+ Qe7 11.Bc4 Nd7 12.O-O O-O 13.Qf4 Bg7 14.Bb3 Nf6 
15.Rfe1 Qb4 16.Ne5 Be6 17.Bxe6 fxe6 18.Qe3 1/2-1/2

[Event "2nd GMA World Cup prel  #1"]
[Site "Belgrade YUG"]
[Date "1988.??.??"]
[Round "?"]
[White "Eingorn, Viacheslav"]
[Black "Vasiukov, Evgeny"]
[Result "1/2-1/2"]
[WhiteElo "2560"]
[BlackElo "2485"]
[EventDate "1988.12.??"]
[PlyCount "193"]

1.d4 f5 2.g3 Nf6 3.Bg2 g6 4.c4 Bg7 5.Nc3 O-O 6.Nh3 d6 7.Nf4 c6 8.d5 e5 9.
dxe6 Na6 10.h4 Nc5 11.h5 gxh5 12.Nxh5 Nxh5 13.Rxh5 Bxe6 14.Bh6 Bxh6 15.
Rxh6 Qg5 16.Rh4 f4 17.Qd2 Bxc4 18.b3 Bxe2 19.Nxe2 Qe5 20.Rd1 f3 21.Qc2 
Qxe2+ 22.Qxe2 fxe2 23.Rxd6 Rae8 24.Rg4+ Kh8 25.Rf4 Rxf4 26.gxf4 Ne6 27.f5 
Nf4 28.Bf3 Rg8 29.Kd2 Re8 30.Ke1 Re5 31.f6 Kg8 32.Rd4 Rf5 33.Bxe2 Nxe2 34.
Kxe2 Rxf6 35.f4 c5 36.Rd7 Rf7 37.Rd8+ Kg7 38.Kf3 Rc7 39.a4 Kf6 40.Rd6+ Kf5
41.a5 a6 42.Rd8 Ke6 43.Ke3 Rd7 44.Rc8 Kd6 45.Kd3 Rf7 46.Ke4 Re7+ 47.Kd3 
Kd5 48.Rf8 Kc6 49.Kc4 Re4+ 50.Kc3 h5 51.f5 h4 52.Rf6+ Kd5 53.Rh6 Re3+ 54.
Kc2 h3 55.f6 Ke6 56.Kb2 Rf3 57.Kc2 Kf7 58.Kb2 Rd3 59.Kc2 Rg3 60.Kb2 Ke6 
61.Kc2 Re3 62.Kb2 Re2+ 63.Kc3 h2 64.Kc4 Rc2+ 65.Kd3 Rf2 66.Kc4 Ra2 67.Kxc5
Rxa5+ 68.Kc4 Ra2 69.Kc5 Rb2 70.Kc4 b6 71.Kc3 Rf2 72.Kc4 Kf7 73.Kb4 Rc2 74.
Ka4 Ra2+ 75.Kb4 Rb2 76.Kc3 Rg2 77.Kc4 Rg4+ 78.Kc3 Rg2 79.Kc4 Rc2+ 80.Kd3 
Ra2 81.Kc4 Ke6 82.Kc3 a5 83.Kc4 Rf2 84.Kb5 Rb2 85.Kc4 Kf7 86.Kc3 Rg2 87.
Kc4 Rf2 88.Kd4 b5 89.Kc5 Rf5+ 90.Kd4 Rf3 91.b4 Rxf6 92.Rxh2 Rf4+ 93.Kc5 
Rf5+ 94.Kd4 a4 95.Re2 Kf6 96.Re1 Kg5 97.Rg1+ 1/2-1/2

[Event "2nd GMA World Cup prel  #1"]
[Site "Belgrade YUG"]
[Date "1988.??.??"]
[Round "?"]
[White "Epishin, Vladimir"]
[Black "Ftacnik, Lubomir"]
[Result "1/2-1/2"]
[WhiteElo "2475"]
[BlackElo "2590"]
[EventDate "1988.12.??"]
[PlyCount "45"]

1.d4 Nf6 2.Nf3 g6 3.c4 Bg7 4.Nc3 d5 5.cxd5 Nxd5 6.e4 Nxc3 7.bxc3 c5 8.Rb1 
O-O 9.Be2 Nc6 10.d5 Ne5 11.Nxe5 Bxe5 12.Qd2 b6 13.f4 Bg7 14.c4 e5 15.O-O 
exf4 16.Qxf4 Bd4+ 17.Be3 Bxe3+ 18.Qxe3 Qe7 19.Qf4 f6 20.a4 g5 21.Qd2 Rb8 
22.Bd3 Qe5 23.Qb2 1/2-1/2

[Event "2nd GMA World Cup prel  #1"]
[Site "Belgrade YUG"]
[Date "1988.??.??"]
[Round "?"]
[White "Epishin, Vladimir"]
[Black "Ljubisavljevic, Zivojin"]
[Result "1-0"]
[WhiteElo "2475"]
[BlackElo "2355"]
[EventDate "1988.12.??"]
[PlyCount "110"]

1.d4 d6 2.Nf3 Bg4 3.c4 Nc6 4.Nc3 g6 5.d5 Bxf3 6.exf3 Ne5 7.f4 Nd7 8.Bd3 
Nh6 9.h4 Bg7 10.h5 Nf6 11.Bd2 Qd7 12.Qe2 Nxh5 13.f5 Ng8 14.g4 Nhf6 15.
O-O-O O-O-O 16.f3 Kb8 17.Kb1 c6 18.Be3 Qc7 19.Qf2 Qa5 20.Bc2 c5 21.Bd2 Nd7
22.Qe2 Nb6 23.Rh3 gxf5 24.Nb5 Qa6 25.f4 fxg4 26.Ra3 h5 27.Be1 Nf6 28.Bh4 
Rde8 29.Rxa6 bxa6 30.Nc3 e6 31.dxe6 Rxe6 32.Qf1 Nc8 33.Bf5 Re3 34.Bxc8 
Rxc8 35.Rxd6 Rce8 36.Qd1 g3 37.Rd8+ Rxd8 38.Qxd8+ Kb7 39.Qd2 Ng4 40.Qg2+ 
Kb8 41.Bxg3 f5 42.Bh4 Bf6 43.Nd5 Bxh4 44.Nxe3 Nxe3 45.Qg8+ Kc7 46.Qf7+ Kd6
47.Qg6+ Kd7 48.Qxa6 Be7 49.Qxa7+ Ke8 50.Qa3 Ng4 51.Qf3 Bd6 52.a4 Nf6 53.a5
h4 54.Qh1 Bxf4 55.a6 Ne4 1-0